Modern optical engineering: the design of optical systems

Sparad:
Bibliografiska uppgifter
Huvudupphovsman: Smith, Warren J (Författare, medförfattare)
Materialtyp: Bok
Språk:engelska
Publicerad: Boston McGraw Hill 1990
Upplaga:2a. ed
Serie:Optical and Electro-Optical Engineering Series
Ämnen:
Taggar: Lägg till en tagg
Inga taggar, Lägg till första taggen!

MARC

LEADER 00000nam a2200000 a 4500
001 UCO5918
003 CL-VaPUC
008 000922e19900000US |||||||||||||||||eng|d
082 0 4 |a 621.36  |b SMI  |2 21 
100 0 |a Smith, Warren J  |e author  |9 450713 
245 1 0 |a Modern optical engineering: the design of optical systems 
250 |a 2a. ed 
300 |a 524 p 
942 |c BK 
945 |d 20000922 00:00:00  |a vberengu 
260 |a Boston  |b McGraw Hill  |c 1990 
650 7 |a FOTOMETRIA  |2 CL-VaPUC  |9 266495 
650 0 |a Instrumentos ópticos  |9 314799 
650 7 |a MEDICIONES E INSTRUMENTOS OPTICOS  |2 CL-VaPUC  |9 362522 
650 7 |a MEDICIONES E INSTRUMENTOS TERMICOS  |2 CL-VaPUC  |9 450714 
650 0 |a Optica   |9 263171 
583 |a last modification  |c 20000922 00:00:00  |k Rodrigo Vera 
490 0 |a Optical and Electro-Optical Engineering Series 
999 |c 291737  |d 291735 
952 |0 0  |1 0  |4 0  |6 621_360000000000000_SMI_1990  |7 0  |8 A  |9 341901  |a BIBCUR  |b BIBCUR  |d 2019-11-20  |i 3648648  |o 621.36 SMI 1990  |p 3648648  |r 2025-04-22  |w 2019-11-20  |y BK  |k BCB